00479nam a22001577a 450000500170000001000150001702000260003203500140005803700090007208200190008110000200010024500680012026000310018827000820021930000200030120241206153908.0 aENG-142874 a9789394883291c595.00 aEN-126406 bDBAD a658.408095421 aBharti, Shuchi  aCorporate Social Responsibility in India /h cby Shuchi Bharti aNew DelhibAne Booksc2023 a4821, Parwana Bhawan, 1st Floor, 24 Ansari Road, DaryaganjbNew Delhie110002 a185p.c22cm(Hb)